| 000 | 00566nam a2200217Ia 4500 | ||
|---|---|---|---|
| 003 | OSt | ||
| 005 | 20221007064539.0 | ||
| 006 | a|||||r|||| 00| 0 | ||
| 007 | ta | ||
| 008 | 221006b |||||||| |||| 00| 0 eng d | ||
| 024 | _a18,191 | ||
| 037 | _cTextual | ||
| 040 |
_aFLL _cFLL _beng |
||
| 041 |
_2eng _aeng |
||
| 082 | _aYZ2t, K7 | ||
| 245 | 0 | _aIndia,cimmunity project and national extention service | |
| 260 |
_aDelhi _bGovt. of India Press India _c1967 |
||
| 300 |
_a278p _ccm. |
||
| 942 |
_hYZ2t, K7 _cTEXL _2CC |
||
| 999 |
_c1134427 _d1134427 |
||